000 00933cam a22002771 4500
001 8928551
003 ARRUPE
005 20211028120307.0
008 740607s1965 nyu 000 0 eng
010 _a 65009346
035 _a(OCoLC)911226
040 _aDLC
_cOHirC
_dOCoLC
_dDLC
041 1 _aeng
_hger
042 _apremarc
050 0 0 _aB3312.E52
_bC5
100 1 _aNietzsche, Friedrich Wilhelm,
_d1844-1900.
245 0 4 _aThe philosophy of Nietzsche.
_cEdited and with an introd. by Geoffrey Clive.
260 _a[New York]
_bNew American Library
_c[1965]
300 _a640p.
_c18cm.
440 4 _aThe Mentor philosophers
_933220
500 _aTranslations selected from the Levy ed.(London, 1921); arrangement based on the Schlechta ed.(Munich, 1954-56)
650 0 _aPhilosophy.
700 1 _aClive, Geoffrey,
_d1927-
_eed.
_933183
906 _a7
_bcbc
_coclcrpl
_du
_encip
_f19
_gy-gencatlg
942 _2lcc
_cMONOGRAPH
999 _c131039
_d131039